Analysis of use of IT in education

Úloha informačných a komunikačných technológií vo vzdelávaní. Vytváranie spätnej väzby v procese výučby. Motivácia študentov pomocou mobilných komunikačných nástrojov. IT a ich využitie v dennej forme štúdia s použitím metód dištančného vzdelávania.

Salvato in:
Dettagli Bibliografici
Autore principale: Kultan, Jaroslav, 1960-
Natura: Capitolo di libro
Lingua:russo
Soggetti:
Tags: Aggiungi Tag
Nessun Tag, puoi essere il primo ad aggiungerne!!

MARC

LEADER 00000nla a2200000 4500
001 0231171
005 20240827085219.3
041 0 |a rus 
044 |a RU 
245 1 0 |a Analysis of use of IT in education  |c J. Kultan 
520 |a Úloha informačných a komunikačných technológií vo vzdelávaní. Vytváranie spätnej väzby v procese výučby. Motivácia študentov pomocou mobilných komunikačných nástrojov. IT a ich využitie v dennej forme štúdia s použitím metód dištančného vzdelávania. 
610 2 0 |a vzdelávanie elektronické 
610 2 0 |a vzdelávanie dištančné 
610 2 0 |a technológie informačné 
610 2 0 |a technológie komunikačné 
610 2 0 |a univerzity 
610 2 0 |a väzba spätná 
610 2 0 |a učitelia 
610 2 0 |a študenti 
100 1 |a Kultan, Jaroslav, 1960-